[Event "Steve Boniface Memorial 2017 Open"]
[Site "Bristol"]
[Date "2017.08.27"]
[Round "5.3"]
[White "Morris, Gareth L"]
[Black "Bicknell, Carl"]
[Result "1/2-1/2"]
[WhiteElo "2062"]
[BlackElo "2103"]
[PlyCount "134"]
[EventDate "2017.08.25"]

1. d4 Nf6 2. Nf3 d5 3. c4 e6 4. Nc3 Be7 5. Bg5 Nbd7 6. e3 c6 7. a3 O-O 8. h3
Re8 9. Bf4 a6 10. Rc1 Qa5 11. Bd3 dxc4 12. Bxc4 Nd5 13. Bg3 N7b6 14. Bb3 Nxc3
15. Qd2 Nbd5 16. Bxd5 exd5 17. Qxc3 Qb5 18. Nd2 Bf5 19. Qb3 Rec8 20. f3 b6 21.
Kf2 Be6 22. Rhd1 Qxb3 23. Nxb3 c5 24. Nd2 c4 25. Nb1 b5 26. Nc3 f5 27. Be5 Rf8
28. Rc2 Ra7 29. Rg1 h5 30. Rh1 Rb7 31. Ra1 a5 32. Re2 b4 33. Na4 Rc8 34. Kg1
Kf7 35. g4 hxg4 36. hxg4 fxg4 37. fxg4 bxa3 38. bxa3 Kg6 39. Nc5 Bxc5 40. dxc5
Rxc5 41. Rg2 Rb3 42. Bd4 Rcb5 43. Raa2 Rd3 44. Kh2 Rbb3 45. Bc5 Rxe3 46. Bxe3
Rxe3 47. Rgd2 Kg5 48. Rd4 a4 49. Kg2 Rb3 50. Re2 Bf7 51. Re5+ Kg6 52. Kf2 Rxa3
53. Re3 Rxe3 54. Kxe3 Kg5 55. Kd2 Kh4 56. Kc3 Be6 57. Kb4 Bxg4 58. Kxa4 g5 59.
Kb4 Kh5 60. Rxd5 Be2 61. Kc3 Kh4 62. Kd2 Bd3 63. Ke3 g4 64. Rd8 Kg3 65. Rh8 Bc2
66. Rc8 Bb3 67. Rc6 Ba2 1/2-1/2

[Event "Steve Boniface Memorial 2017 Open"]
[Site "Bristol"]
[Date "2017.08.27"]
[Round "5.4"]
[White "Beaumont, Chris R"]
[Black "Bogdan, Horia D"]
[Result "1/2-1/2"]
[WhiteElo "2282"]
[BlackElo "1946"]
[PlyCount "64"]
[EventDate "2017.08.25"]

1. Nf3 d5 2. d4 c6 3. c4 e6 4. g3 dxc4 5. Bg2 b5 6. a4 Bb7 7. O-O Nd7 8. e4 a6
9. b3 cxb3 10. Qxb3 Ngf6 11. Nbd2 Be7 12. Ba3 O-O 13. Rfc1 Bxa3 14. Qxa3 Rc8
15. Qe3 Qb6 16. Nb3 e5 17. Nxe5 Nxe5 18. dxe5 Qxe3 19. fxe3 Nd7 20. Bh3 Rc7 21.
axb5 axb5 22. Bxd7 Rxd7 23. Nc5 Re7 24. Ra7 Rb8 25. Rd1 g6 26. Rd7 Rxe5 27.
Nxb7 b4 28. Nd6 b3 29. Rxf7 b2 30. Rg7+ Kh8 31. Rxh7+ Kg8 32. Rag7+ Kf8 1/2-1/2

[Event "Steve Boniface Memorial 2017 Open"]
[Site "Bristol"]
[Date "2017.08.27"]
[Round "5.5"]
[White "Wilks, Simon"]
[Black "Musson, Adam J"]
[Result "1-0"]
[WhiteElo "1997"]
[BlackElo "2071"]
[PlyCount "97"]
[EventDate "2017.08.25"]

1. e4 e5 2. Nf3 Nc6 3. Bb5 a6 4. Ba4 Nf6 5. Qe2 Be7 6. c3 b5 7. Bb3 O-O 8. O-O
d6 9. Rd1 Bg4 10. d3 Re8 11. Nbd2 Na5 12. Bc2 c5 13. Nf1 Qc7 14. h3 Bh5 15. g4
Bg6 16. Ng3 d5 17. Nh4 dxe4 18. dxe4 Rad8 19. Nhf5 Nc4 20. Rxd8 Rxd8 21. a4 Qd7
22. axb5 axb5 23. b3 Nd6 24. Nxd6 Bxd6 25. Be3 Qc6 26. f3 Ne8 27. Bd3 Nc7 28.
Rd1 f6 29. Nf5 Bf8 30. Bc4+ bxc4 31. Qxc4+ Bf7 32. Rxd8 Bxc4 33. Ne7+ Kf7 34.
Nxc6 Be6 35. c4 h6 36. Rb8 Bd7 37. Na5 Be7 38. Nb7 Ne6 39. Kf2 Bc6 40. Kf1 Bd7
41. Ra8 Kg6 42. Ra7 Bc8 43. Nxc5 Bxc5 44. Bxc5 Nf4 45. Be3 Nd3 46. Kg2 Nf4+ 47.
Bxf4 exf4 48. b4 h5 49. gxh5+ 1-0

[Event "Steve Boniface Memorial 2017 Open"]
[Site "Bristol"]
[Date "2017.08.27"]
[Round "5.6"]
[White "Dilleigh, Stephen P"]
[Black "Bennett, Dominic L"]
[Result "1/2-1/2"]
[WhiteElo "2075"]
[BlackElo "1962"]
[PlyCount "82"]
[EventDate "2017.08.25"]

1. Nf3 g6 2. c4 Bg7 3. d4 Nf6 4. Nc3 d5 5. Bg5 dxc4 6. Qa4+ Nfd7 7. e3 O-O 8.
Qa3 c5 9. dxc5 Nc6 10. Rd1 Rb8 11. Bxc4 Kh8 12. O-O f6 13. Bh4 e5 14. e4 Qe7
15. b4 a5 16. Nd5 Qe8 17. b5 Nd4 18. Nxd4 exd4 19. Bg3 Ne5 20. Bxe5 Qxe5 21.
Rde1 g5 22. Qxa5 Be6 23. Qd2 Rfc8 24. f4 gxf4 25. Qxf4 Rxc5 26. Qxe5 fxe5 27.
Bd3 Ra8 28. Rc1 Rxc1 29. Rxc1 Rxa2 30. Rc7 Bh6 31. Re7 Bg4 32. h3 Bh5 33. Rxe5
Be2 34. Bxe2 Rxe2 35. Re8+ Kg7 36. Re7+ Kf8 37. Rxb7 d3 38. Rd7 d2 39. Nc3 Be3+
40. Kh2 Bf4+ 41. Kg1 Be3+ 1/2-1/2

[Event "Steve Boniface Memorial 2017 Open"]
[Site "Bristol"]
[Date "2017.08.27"]
[Round "5.7"]
[White "Homer, Stephen J"]
[Black "Macnaughton, Alistair Kj"]
[Result "1-0"]
[WhiteElo "2012"]
[BlackElo "1908"]
[Annotator "Tipper, Dave"]
[PlyCount "79"]
[EventDate "2017.08.25"]

1. e4 e5 2. Nf3 Nf6 3. Nxe5 d6 4. Nf3 Nxe4 5. d4 d5 6. Bd3 Be7 7. O-O Nc6 8.
Re1 Bg4 9. c4 Nf6 10. cxd5 Nxd5 11. Nc3 O-O 12. Nxd5 Qxd5 13. Be4 Qd7 14. Qa4
Bf6 15. Bxc6 Qxc6 16. Qxc6 bxc6 17. Ne5 Rfe8 18. Bf4 Bxe5 19. dxe5 Be6 20. Be3
a5 21. a4 Red8 22. Rec1 Bd5 23. Rc5 Rdb8 24. Bd4 Rb4 25. Bc3 Rb3 26. f4 Kf8 27.
Rf1 Ke7 28. f5 Kd7 29. h4 Kc8 30. Rf4 Kd7 31. h5 Ke7 32. Rg4 Kf8 33. h6 g6 34.
fxg6 fxg6 35. Rf4+ Ke7 36. Rf6 Be4 37. Rf4 Bd5 38. g4 Rbb8 39. Kf2 Rf8 40. Rxf8
{[%emt 0:00:59] white went on to win on move} 1-0

[Event "Steve Boniface Memorial 2017 Open"]
[Site "Bristol"]
[Date "2017.08.27"]
[Round "5.8"]
[White "Stranger, Morris"]
[Black "Brown, Geoffrey M"]
[Result "1/2-1/2"]
[WhiteElo "1998"]
[BlackElo "1772"]
[PlyCount "48"]
[EventDate "2017.08.25"]

1. d4 e6 2. Nf3 f5 3. Bf4 Nf6 4. e3 b6 5. Be2 Bb7 6. O-O d6 7. c4 Ne4 8. Nc3
Nxc3 9. bxc3 Be7 10. Ne1 Nd7 11. Nd3 O-O 12. Qb3 c5 13. Rae1 Rc8 14. Bg3 g5 15.
f3 h5 16. Bd1 h4 17. Bf2 e5 18. e4 f4 19. dxe5 dxe5 20. Qa3 Qc7 21. Ba4 Rcd8
22. Rd1 Nf6 23. Qb2 Bc8 24. Nc1 Be6 1/2-1/2

[Event "Steve Boniface Memorial 2017 Open"]
[Site "Bristol"]
[Date "2017.08.27"]
[Round "5.9"]
[White "Turner, Joseph D"]
[Black "Fisher, Jon"]
[Result "1/2-1/2"]
[WhiteElo "1931"]
[BlackElo "1840"]
[PlyCount "69"]
[EventDate "2017.08.25"]

1. e4 d5 2. exd5 Nf6 3. Nc3 Nxd5 4. Qf3 Nxc3 5. Bc4 e6 6. dxc3 Bd6 7. Nh3 O-O
8. Bg5 f6 9. Bh4 Nc6 10. Qe2 Ne5 11. Bb3 Qe8 12. f4 Ng6 13. Bg3 Kh8 14. O-O e5
15. fxe5 Bxh3 16. e6 Bxe6 17. Qxe6 Qxe6 18. Bxe6 Bxg3 19. hxg3 Ne5 20. Rad1
Rad8 21. Rd4 c5 22. Rd5 Rxd5 23. Bxd5 b6 24. c4 Rd8 25. a4 a5 26. b3 h6 27. Kf2
Kh7 28. Rd1 Kh8 29. Ke3 Nc6 30. c3 Ne5 31. Kf4 g6 32. Bf3 Rxd1 33. Bxd1 Kg7 34.
Ke4 Kf7 35. Kd5 1/2-1/2

[Event "Steve Boniface Memorial 2017 Open"]
[Site "Bristol"]
[Date "2017.08.27"]
[Round "5.10"]
[White "Bramson, Mike"]
[Black "Davis, Lee"]
[Result "0-1"]
[WhiteElo "1846"]
[BlackElo "1945"]
[PlyCount "64"]
[EventDate "2017.08.25"]

1. e4 c5 2. Nf3 e6 3. d4 cxd4 4. Nxd4 a6 5. Nc3 Qc7 6. Be2 Nf6 7. O-O Bb4 8.
Qd3 Nc6 9. Nxc6 dxc6 10. f4 O-O 11. e5 Rd8 12. Qf3 Bxc3 13. bxc3 Nd5 14. Bd3 f5
15. Kh1 c5 16. c4 Nb4 17. Be2 Nxc2 18. Rb1 Nd4 19. Qe3 Nxe2 20. Qxe2 b6 21. Rb3
Bb7 22. Be3 Be4 23. Qb2 Rab8 24. a4 a5 25. h3 Qc6 26. Kh2 Rd7 27. Rb5 Rbb7 28.
Rf2 Rd3 29. Re2 Bxg2 30. Bxc5 Rxh3+ 31. Kg1 Rh1+ 32. Kf2 Qf3# 0-1

[Event "Steve Boniface Memorial 2017 Open"]
[Site "Bristol"]
[Date "2017.08.27"]
[Round "5.11"]
[White "Kramaley, David"]
[Black "Borkowski, J Andrew"]
[Result "0-1"]
[WhiteElo "1832"]
[BlackElo "1870"]
[PlyCount "87"]
[EventDate "2017.08.25"]

1. e4 d6 2. d4 e5 3. dxe5 dxe5 4. Nd2 Bc5 5. Ngf3 f6 6. Bc4 Qe7 7. c3 Nh6 8. h3
Nf7 9. Nf1 Nc6 10. Ng3 Bxf2+ 11. Kxf2 Qc5+ 12. Be3 Qxc4 13. Nd2 Qe6 14. Nf5 O-O
15. Qg4 g6 16. Qg3 Ne7 17. Nxe7+ Qxe7 18. Rhd1 Be6 19. Nf3 Nd6 20. Nd2 Rad8 21.
Kg1 b6 22. Bh6 Rfe8 23. h4 Nf7 24. Be3 Rd3 25. Rf1 Red8 26. Qf2 Kg7 27. Rae1 c5
28. g3 Nd6 29. b3 Bh3 30. Qf3 Bxf1 31. Rxf1 Ne8 32. Rf2 Qe6 33. g4 R3d7 34. h5
gxh5 35. gxh5 Kh8 36. h6 Nd6 37. Kh2 Rg8 38. Nf1 Rg6 39. Ng3 Qg4 40. Qxg4 Rxg4
41. Kh3 Rxg3+ 42. Kxg3 Nxe4+ 43. Kf3 Nxf2 44. Kxf2 0-1

[Event "Steve Boniface Memorial 2017 Open"]
[Site "Bristol"]
[Date "2017.08.27"]
[Round "5.12"]
[White "Gogia, Armaan"]
[Black "Burnett, Leon P"]
[Result "1/2-1/2"]
[WhiteElo "1272"]
[BlackElo "1899"]
[PlyCount "37"]
[EventDate "2017.08.25"]

1. e4 c5 2. Nf3 Nc6 3. d4 cxd4 4. Nxd4 g6 5. Nc3 Bg7 6. Be3 Nf6 7. Nxc6 bxc6 8.
e5 Ng8 9. f4 Nh6 10. Qf3 Rb8 11. O-O-O Qa5 12. Bc4 O-O 13. Bb3 d6 14. Rd4 Qc7
15. Rc4 Bd7 16. Nd5 Qd8 17. Nc3 Qc7 18. Nd5 Qd8 19. Nc3 1/2-1/2

[Event "Steve Boniface Memorial 2017 Open"]
[Site "Bristol"]
[Date "2017.08.27"]
[Round "5.13"]
[White "Cherupalli, Ramprasad"]
[Black "Smith, Lynda"]
[Result "1/2-1/2"]
[WhiteElo "1898"]
[BlackElo "1870"]
[PlyCount "58"]
[EventDate "2017.08.25"]

1. e4 c5 2. Nf3 g6 3. Nc3 Bg7 4. d4 cxd4 5. Nxd4 Nc6 6. Be3 Nf6 7. Be2 d6 8.
O-O O-O 9. Nb3 h5 10. h3 Be6 11. f4 d5 12. f5 Nxe4 13. fxe6 Nxc3 14. exf7+ Rxf7
15. bxc3 Rxf1+ 16. Qxf1 Bxc3 17. Rd1 d4 18. Qf4 Qd5 19. Bf3 Qe6 20. Nxd4 Nxd4
21. Bxd4 Rf8 22. Qh6 Bxd4+ 23. Rxd4 Qe1+ 24. Kh2 Qe5+ 25. Kh1 Qxd4 26. Qxg6+
Qg7 27. Bd5+ Kh8 28. Qxh5+ Qh7 29. Qe5+ Qg7 1/2-1/2

[Event "Steve Boniface Memorial 2017 Open"]
[Site "Bristol"]
[Date "2017.08.27"]
[Round "5.14"]
[White "Allison, Conrad"]
[Black "Georgiou, George"]
[Result "1/2-1/2"]
[WhiteElo "1886"]
[BlackElo "1863"]
[Annotator "Tipper, Dave"]
[PlyCount "159"]
[EventDate "2017.08.25"]

1. c4 c6 2. e4 d5 3. cxd5 cxd5 4. exd5 Nf6 5. Qa4+ Nbd7 6. Nc3 g6 7. Bb5 Bg7 8.
Nf3 O-O 9. Bxd7 Nxd7 10. d4 b6 11. O-O Bb7 12. Re1 h6 13. Qb4 Re8 14. Bf4 Bf8
15. d6 Bxf3 16. gxf3 Nf6 17. dxe7 Bxe7 18. Qa4 g5 {draw offer} 19. Bg3 Nh5 20.
Rad1 Nxg3 21. hxg3 Bf8 22. Ne4 Bg7 23. g4 Re7 24. Kg2 Qd7 25. Qb3 Rd8 26. d5
Qb7 27. Re2 Red7 28. Red2 Kf8 29. Qb4+ Kg8 30. Qb3 Kf8 31. Rd3 Kg8 32. Nc3 Qb8
33. Qc4 Rc8 34. Qe4 Rcd8 35. Qf5 Qe5 36. Qxe5 Bxe5 37. R3d2 Rc8 38. Ne4 Kf8 39.
Rh1 Bg7 40. Re1 Rcd8 41. Red1 Be5 42. Kf1 Bf4 43. Rd3 Be5 44. Nc3 Bg7 45. R1d2
Be5 46. Nd1 Kg7 47. Ne3 Kg6 48. Kg2 Bg7 49. b3 b5 50. Nf5 Bf8 51. Ne3 a6 52.
Rc2 Rd6 53. Nf5 Rxd5 54. Rc6+ Kh7 55. Rxd5 Rxd5 56. Rxa6 Rd2 57. Kf1 Bc5 58.
Ne3 Bxe3 59. fxe3 Kg7 60. Ke1 Rb2 61. Kf1 f6 62. Rb6 Rxa2 63. Rxb5 Rb2 64. Rb7+
Kg6 65. b4 h5 66. gxh5+ Kxh5 67. b5 Kh4 68. b6 Kg3 69. f4 gxf4 70. exf4 Kxf4
71. Rb8 f5 72. b7 Kf3 73. Ke1 f4 74. Kd1 Kf2 75. Kc1 Rb5 76. Kd2 f3 77. Kd3 Kf1
78. Kc4 Rb2 79. Kc3 Rb6 80. Rf8 1/2-1/2